[Event "Hilversum op"]
[Site "Hilversum"]
[Date "2017.06.23"]
[Round "1"]
[White "Ten Hertog, Hugo"]
[Black "Ritsema, Ronald JE"]
[Result "1-0"]
[WhiteElo "2457"]
[BlackElo "2051"]
[PlyCount "77"]
[EventDate "2017.06.23"]
[EventType "swiss"]
[EventRounds "6"]
[EventCountry "NED"]
[SourceTitle "CBM 179 Extra"]
[Source "ChessBase"]
[SourceDate "2017.08.23"]
[SourceVersion "1"]
[SourceVersionDate "2017.08.23"]
[SourceQuality "1"]

1. b3 e5 2. Bb2 Nc6 3. c4 Nf6 4. d3 d5 5. cxd5 Nxd5 6. Nd2 Be7 7. Ngf3 f6 8. g3 0-0 9. Bg2 Be6 10. 0-0 Qd7 11. a3 a5 12. Rc1 Rfd8 13. Qc2 Rac8 14. Rfd1 Qe8 15. Qb1 Qf8 16. Qa1 Bc5 17. Rc2 Ba7 18. Rdc1 Nde7 19. Qb1 Nf5 20. Bh3 Qf7 21. Ne4 Qh5 22. Bg2 Bxb3 23. Rxc6 bxc6 24. Bxe5 Bd5 25. Bxf6 Re8 26. Bc3 Rb8 27. Qa1 Nd6 28. Bxg7 Bxe4 29. dxe4 Nxe4 30. Bd4 c5 31. Bh8 Re7 32. Ne5 Qxe2 33. Nc6 Rf7 34. Re1 Qxf2+ 35. Kh1 Rb2 36. Bxb2 Nxg3+ 37. hxg3 Qxg3 38. Re8+ Rf8 39. Bd5# 1-0

[Event "Vlissingen HZ op 20th"]
[Site "Vlissingen"]
[Date "2016.08.13"]
[Round "9"]
[White "Woudsma, Martijn"]
[Black "Ritsema, Ronald JE"]
[Result "1-0"]
[WhiteElo "2191"]
[BlackElo "2059"]
[PlyCount "128"]
[EventDate "2016.08.06"]
[EventType "swiss"]
[EventRounds "9"]
[EventCountry "NED"]
[SourceTitle "CBM 173 Extra"]
[Source "ChessBase"]
[SourceDate "2016.08.29"]
[SourceVersion "1"]
[SourceVersionDate "2016.08.29"]
[SourceQuality "1"]

1. e4 e6 2. d4 d5 3. Nc3 Bb4 4. e5 c5 5. a3 Bxc3+ 6. bxc3 Qa5 7. Bd2 Qa4 8. Rb1 c4 9. Qc1 Nc6 10. Nh3 b6 11. Nf4 g6 12. h4 h5 13. Nh3 Rh7 14. Be2 Bd7 15. Bg5 Nce7 16. 0-0 Qa5 17. Qd2 Ba4 18. Rb4 b5 19. Bd1 a6 20. f3 Qb6 21. Qf4 Qc7 22. g4 Qd7 23. Qe3 Qc7 24. Kg2 Qd7 25. Rb2 Qc7 26. Bf6 Nxf6 27. exf6 Nc6 28. Ng5 Rh8 29. Nxe6 fxe6 30. Qxe6+ Kf8 31. g5 Rd8 32. Re1 Qd7 33. f4 Rh7 34. f5 gxf5 35. g6 Qxe6 36. Rxe6 Rh6 37. Rxc6 Rxg6+ 38. Kf2 Rh6 39. Rxa6 Kf7 40. Bf3 Rxf6 41. Bxh5+ Kg7 42. Ra7+ Kh6 43. Bf3 f4 44. Re7 Kg6 45. Rb1 Kh6 46. Rc1 Kg6 47. Rg1+ Kh6 48. Bd1 Rg6 49. Rxg6+ Kxg6 50. Re5 Kf6 51. h5 Rd7 52. Bg4 Rd8 53. Bf5 Rh8 54. Bg6 Rd8 55. Kf3 b4 56. axb4 Bc6 57. Kxf4 Rg8 58. Rf5+ Ke7 59. Kg5 Rh8 60. Rf7+ Kd6 61. Kf6 Rg8 62. h6 Be8 63. h7 Rh8 64. Kg7 Bxf7 1-0

[Event "Vlissingen HZ op 19th"]
[Site "Vlissingen"]
[Date "2015.08.02"]
[Round "2"]
[White "Ritsema, Ronald JE"]
[Black "Wunnink, Michael"]
[Result "0-1"]
[WhiteElo "1989"]
[BlackElo "2253"]
[PlyCount "60"]
[EventDate "2015.08.01"]
[EventType "swiss"]
[EventRounds "9"]
[EventCountry "NED"]
[SourceTitle "CBM 167 Extra"]
[Source "ChessBase"]
[SourceDate "2015.09.14"]
[SourceVersion "1"]
[SourceVersionDate "2015.09.14"]
[SourceQuality "1"]

1. d4 Nf6 2. c4 e6 3. g3 d5 4. Nf3 Bb4+ 5. Bd2 Bd6 6. Bg2 c6 7. Qc2 Nbd7 8. 0-0 0-0 9. b3 Ne4 10. Nc3 f5 11. Bf4 Bxf4 12. gxf4 Ndf6 13. Rab1 a5 14. a3 Qd6 15. Ne5 Nxc3 16. Qxc3 Qxa3 17. Ra1 Qd6 18. cxd5 Nxd5 19. Bxd5 Qxd5 20. Ra3 Bd7 21. Qc5 Be8 22. Rfa1 Qe4 23. e3 g5 24. b4 Bh5 25. fxg5 f4 26. f3 Bxf3 27. exf4 axb4 28. Qxb4 c5 29. Qb3 Qxd4+ 30. Kf1 Bd5 0-1

[Event "Maastricht Limburg op-A 9th"]
[Site "Maastricht"]
[Date "2015.05.23"]
[Round "2"]
[White "Vanhuyse, Nele"]
[Black "Ritsema, Ronald JE"]
[Result "1-0"]
[WhiteElo "2035"]
[BlackElo "2012"]
[PlyCount "127"]
[EventDate "2015.05.22"]
[EventType "swiss"]
[EventRounds "7"]
[EventCountry "NED"]
[SourceTitle "CBM 166 Extra"]
[Source "ChessBase"]
[SourceDate "2015.06.18"]
[SourceVersion "1"]
[SourceVersionDate "2015.06.18"]
[SourceQuality "1"]

1. e4 e6 2. d4 d5 3. Nc3 Bb4 4. e5 c5 5. a3 Bxc3+ 6. bxc3 Qa5 7. Bd2 Qa4 8. Qb1 c4 9. g3 Nc6 10. h4 Nge7 11. Bh3 Bd7 12. Ne2 0-0-0 13. 0-0 Kb8 14. h5 h6 15. Nf4 Bc8 16. Qb2 Ka8 17. Kh2 Rdf8 18. Rfb1 b6 19. Ra2 Rd8 20. Qb5 Qxb5 21. Rxb5 Bd7 22. Rb1 Na5 23. Re1 Ba4 24. Ng2 Nac6 25. Nh4 Rde8 26. f4 Nd8 27. g4 Kb8 28. Re2 Kb7 29. f5 Ka6 30. Bf4 Ka5 31. Ra1 Bd7 32. Rg1 Ka4 33. Rf2 Rh7 34. Bc1 Ka5 35. Rgf1 Ba4 36. Kg3 Ka6 37. Nf3 Bd7 38. Nh4 Ba4 39. Rg1 Ka5 40. Rgg2 Ka6 41. Rf3 Ka5 42. Rgf2 Ka6 43. fxe6 fxe6 44. Rf8 Rh8 45. Rxe8 Bxe8 46. Ng2 Ka5 47. Nf4 Bd7 48. Kh4 Be8 49. Ne2 Ka4 50. Kg3 Kb5 51. g5 Bxh5 52. Nf4 Bf7 53. gxh6 gxh6 54. Ng2 Bg6 55. Ne3 Rg8 56. Kh2 h5 57. Rf6 Bf7 58. Ng2 Kc6 59. Nf4 Kd7 60. Rh6 Rg7 61. Be3 a5 62. Bf2 Bg6 63. Rh8 Bxc2 64. Rxd8+ 1-0

[Event "Vlissingen HZ op 18th"]
[Site "Vlissingen"]
[Date "2014.08.04"]
[Round "4"]
[White "Sanders, Isaac B"]
[Black "Ritsema, Ronald JE"]
[Result "1-0"]
[WhiteElo "2282"]
[BlackElo "2012"]
[PlyCount "73"]
[EventDate "2014.08.02"]
[EventType "swiss"]
[EventRounds "9"]
[EventCountry "NED"]
[SourceTitle "CBM 161 Extra"]
[Source "ChessBase"]
[SourceDate "2014.08.29"]
[SourceVersion "1"]
[SourceVersionDate "2014.08.29"]
[SourceQuality "1"]

1. d4 Nf6 2. c4 g6 3. Nc3 Bg7 4. e4 d6 5. h3 0-0 6. Be3 Nbd7 7. Nf3 c6 8. Be2 e5 9. d5 c5 10. g4 Ne8 11. Qd2 f5 12. gxf5 gxf5 13. exf5 Ndf6 14. Ng5 Bxf5 15. Ne6 Bxe6 16. dxe6 Qe7 17. 0-0-0 Qxe6 18. Rhg1 Kh8 19. h4 Rg8 20. h5 Bf8 21. Rxg8+ Kxg8 22. Rg1+ Kh8 23. Nd5 b6 24. Kb1 Rd8 25. Ka1 Rd7 26. h6 Rf7 27. Qd1 Qd7 28. Qf1 Qe6 29. Qg2 Rd7 30. Nxf6 Nxf6 31. Bg5 Rf7 32. Bf3 e4 33. Bxf6+ Rxf6 34. Bxe4 Rxh6 35. Bd5 Qg6 36. Qf1 Qf6 37. Rg8# 1-0

[Event "Maastricht Limburg op-A 8th"]
[Site "Maastricht"]
[Date "2014.06.09"]
[Round "7"]
[White "Roos, Adrian"]
[Black "Ritsema, Ronald JE"]
[Result "1/2-1/2"]
[WhiteElo "2201"]
[BlackElo "2011"]
[PlyCount "62"]
[EventDate "2014.06.06"]
[EventType "swiss"]
[EventRounds "7"]
[EventCountry "NED"]
[SourceTitle "CBM 160 Extra"]
[Source "ChessBase"]
[SourceDate "2014.07.01"]
[SourceVersion "1"]
[SourceVersionDate "2014.07.01"]
[SourceQuality "1"]

1. d4 Nf6 2. c4 g6 3. Nc3 Bg7 4. e4 d6 5. Be2 0-0 6. Nf3 e5 7. Be3 exd4 8. Nxd4 Re8 9. f3 c6 10. Bf2 d5 11. exd5 cxd5 12. 0-0 Nc6 13. c5 Re5 14. Bb5 Bd7 15. Qa4 Qc8 16. Rfe1 Rxe1+ 17. Rxe1 a6 18. Bxc6 Bxc6 19. Qc2 a5 20. b3 Nd7 21. Nde2 Qf8 22. Nb1 Rc8 23. a3 Bb5 24. Nec3 Bc6 25. b4 axb4 26. axb4 d4 27. Ne2 b6 28. Nxd4 bxc5 29. Nxc6 Rxc6 30. Qa4 Qc8 31. bxc5 Kf8 1/2-1/2